[Event "Stay Safe Play From Home 131"]
[Site "T#645805Emanuel Laske"]
[Date "2020.05.07"]
[Round "6"]
[White "Little champs"]
[Black "MartinKestler"]
[Result "1-0"]
[WhiteElo "2138"]
[BlackElo "1936"]
[Annotator "TA"]
[PlyCount "129"]
[EventDate "2020.05.07"]
[EventType "swiss (blitz)"]

{[%evp 9,129,-17,-7,-24,27,4,4,-13,-10,-20,0,0,7,-5,-5,-11,-10,-10,-18,-24,0,-12,-4,-18,0,0,0,-5,0,-26,-8,-22,-3,-2,-10,-8,0,-6,0,0,0,0,32,2,8,0,13,11,14,14,35,25,28,20,32,29,31,44,59,71,96,83,189,235,190,191,206,203,202,179,153,111,322,313,402,183,260,88,33,11,20,0,0,-8,-8,-8,0,-8,0,0,0,0,8,8,8,8,8,8,8,8,8,0,8,8,8,8,8,8,8,8,25,8,8,8,8,8,8,8,8,8,29989,29990]} 1. d4 d5 2. e3 e6 3. Bd3 Nf6 4. Ne2 Bd6 5. O-O c5 {[#]} 6. c4 $146 {D00: 1 d4 d5: Unusual lines.} ({Predecessor:} 6. Ng3 O-O 7. Nc3 c4 8. Be2 Bd7 9. b3 b5 10. Bb2 b4 11. Nb1 c3 12. Nxc3 bxc3 13. Bxc3 {0-1 (28) Arakaki,L (1800)-Goncalves Barbosa,E (1776) Campo Grande 2015}) 6... O-O (6... dxc4 $142 7. Bxc4 Qc7) 7. dxc5 $11 Bxc5 8. Nbc3 {The position is equal.} dxc4 9. Bxc4 Qxd1 10. Rxd1 a6 11. a3 b5 12. Ba2 Bb7 13. b4 Be7 14. Bb2 Nbd7 15. Nd4 Rfd8 16. h3 Rac8 17. Rac1 h6 18. Bb3 Nb6 19. Nde2 Rxd1+ 20. Rxd1 Rd8 21. Rxd8+ Bxd8 22. f3 Kf8 23. Kf2 Be7 24. e4 Nfd7 25. Nd1 g6 26. Nd4 Bf6 27. Ne2 Ke7 28. Bxf6+ Kxf6 29. Ke3 Ne5 30. Nb2 Ke7 31. f4 Nc6 32. Nd3 Nd7 33. Nd4 Nxd4 34. Kxd4 $14 {[%mdl 4096] Endgame KBN-KBN} f6 35. g3 Kd6 (35... g5 $16) 36. e5+ $18 Ke7 37. Nc5 fxe5+ 38. fxe5 Bg2 39. Nxa6 Bxh3 40. Nc7 Bf1 $2 (40... Nb8 $16) 41. Nxe6 ({Don't do} 41. Bxe6 $6 Nb8 $18) 41... h5 42. Nc5 (42. Nf4 $142) 42... Nb6 (42... Nb8 {might work better.} 43. Ne6 Nc6+ 44. Kd5 Bg2+ 45. Kc5 Nxe5) 43. Bc2 $2 (43. Ne4 $18 {is more deadly.}) 43... g5 $16 44. Ne4 h4 45. Nxg5 hxg3 46. Ke3 Nc4+ 47. Kf3 Nxa3 48. Bb3 Bc4 49. Bd1 g2 50. Kxg2 Bd3 51. Kf3 Bc2 $1 {[%cal Rc2d1]} 52. Be2 {White wants to play Ke3.} Bf5 53. Kf4 Bg6 54. Ke3 {[#] Kd4 is the strong threat.} Nc2+ 55. Kf4 Nxb4 56. Bxb5 Bd3 57. Ba4 Bc4 58. Ke3 Bf7 59. Kd4 Na6 60. Bb5 Nc7 61. Bd3 Ne6+ 62. Nxe6 Bxe6 63. Be4 Bh3 64. Bf3 Bg4 $2 {[%mdl 8192] [#]} (64... Bd7 $11) 65. Bxg4 {Accuracy: White = 86%, Black = 74%.} 1-0

[Event "Stay Safe Play From Home 131"]
[Site "T#645805Emanuel Laske"]
[Date "2020.05.07"]
[Round "6"]
[White "Sfantul321"]
[Black "Nickless0"]
[Result "1-0"]
[WhiteElo "2052"]
[BlackElo "1974"]
[Annotator "TA"]
[PlyCount "87"]
[EventDate "2020.05.07"]
[EventType "swiss (blitz)"]

{[%evp 12,87,50,44,46,47,87,87,90,-7,0,0,46,65,58,51,70,0,7,-83,-70,-103,-7,-7,-27,-121,91,-68,230,-23,0,0,0,0,0,0,0,0,0,-89,-78,-381,30,-37,-66,-2711,-2539,-29981,-29982,-6395,-631,-722,-612,-703,-94,-553,-552,-545,-479,-825,-627,-887,-25,-500,-518,-510,-501,-464,-114,-29993,-178,-166,51,-716,29990,29991,29993,29994]} 1. c4 e5 2. Nc3 Nf6 3. g3 d5 4. cxd5 Nxd5 5. Bg2 Be6 6. Nf3 Nc6 7. O-O Qd7 {7...Nb6 is the modern continuation. A29: English Opening: Four Knights Variation with 4 g3.} 8. Ng5 O-O-O 9. Nxe6 fxe6 {[#] White is better.} 10. Qb3 $146 (10. Ne4 $16) ({Predecessor:} 10. d3 Be7 11. Ne4 h6 12. a3 g5 13. b4 Rdg8 14. Bb2 a6 15. e3 h5 16. Rb1 {0-1 (57) Stone,S (1600)-Kaygisiz,O (1892) Koge 2010}) 10... Nd4 11. Qd1 g5 12. e3 Nc6 13. Ne4 Be7 14. d4 ({White should try} 14. a3 $14) 14... h5 15. Qb3 (15. dxe5 $11 h4 16. Qe2) 15... h4 $17 16. Rd1 exd4 (16... Qe8 $17 17. Nc3 hxg3 18. hxg3 Qh5) 17. exd4 $11 hxg3 18. fxg3 (18. hxg3 $11 g4 19. Nc3) 18... Rdf8 $2 (18... g4 $1 $17 {stays on course.} 19. Qb5 Rh5) 19. a3 $2 ({Only move:} 19. Bxg5 $16 Bxg5 20. Nxg5) 19... Bd8 $2 {[%mdl 8192] [#]} (19... g4 $15 {stays ahead.}) 20. Qd3 $2 ({Inferior is} 20. Nxg5 Bf6 $11) ({White must play} 20. Nc5 $1 $18 {[%csl Gc5][%cal Rb3b7][%mdl 512]} Na5 21. Nxd7 Nxb3 22. Nxf8 Rxf8 23. Rb1) 20... Qh7 {[%csl Gh8][%cal Rh7h2]} 21. h3 g4 $1 {[%cal Rg4h3]} 22. h4 Bxh4 $1 23. gxh4 Qxh4 {[%csl Gh8][%cal Rh4h2]} 24. Qg3 {Threatens to win with Qxh4.} Qh5 $1 25. Bg5 (25. Ng5 $1 $11 {remains equal.} Nce7 26. Rf1 (26. Nxe6 $2 Nf5 $19)) 25... Rf5 $17 26. Bd2 $2 {[%mdl 8192]} (26. Bc1 $17 {is more resistant.}) 26... Rhf8 $2 ({Black should play} 26... Nxd4 $19 {[%cal Rd4e2]} 27. Re1 Kb8) 27. Rf1 (27. Bc3 $11) 27... Nxd4 $40 {[%cal Rd4e2][%mdl 128] Black has some attack.} 28. Qd3 $2 {[%mdl 8192]} (28. Rxf5 $15 Qxf5 29. Re1) 28... Nf3+ $19 29. Bxf3 gxf3 30. Kf2 Qh2+ (30... Qh4+ $142 31. Ng3 Re5) 31. Ke1 Re5 32. Kd1 {intending Kc2.} Qh5 $2 (32... Rd8 $19 {has better winning chances.} 33. Rf2 Qg1+ 34. Kc2 Qxa1) 33. Nf2 $2 {[%mdl 8192]} (33. Kc2 $17 {nothing else works.} Rd8 34. Rae1 Nb4+ {[%mdl 64] Discovered Attack} 35. Bxb4 Rxd3 36. Kxd3) 33... Rd8 {White must now prevent ...Ne3+.} 34. Rh1 Qf7 {And now ...Ne3+ would win.} 35. Qh7 (35. Re1 $142 Ne3+ {[%mdl 64] Discovered Attack} 36. Rxe3 Rxd3 37. Nxd3) 35... Qf8 {aiming for ...Re2.} 36. Kc1 Ne3 $2 (36... Qc5+ $19 37. Kb1 Qxf2) 37. Bxe3 $4 {[%mdl 8192]} (37. Bc3 $1 $11 Rf5 38. Kb1) 37... Rxe3 38. Kb1 Re2 39. Ne4 Qf4 $2 (39... f2 $19 {is more deadly.} 40. Nc3 (40. Rc1 $2 Rd7 $19) 40... f1=Q+ 41. Rxf1 Qxf1+ 42. Ka2 Qf4 $1 {[%mdl 512]}) 40. Rh4 $2 {[%mdl 8192]} (40. Nc3 $17 Rg2 41. Qe7) 40... Qe3 $2 (40... Rd1+ {mates} 41. Ka2 Rxa1+ 42. Kb3 Rxb2+ $1 {[%mdl 512]} 43. Kc3 Qe5+ 44. Kc4 Qd5+ 45. Kc3 Rb3+ {[%mdl 64] Double Attack} 46. Kc2 Qd3#) 41. Ka2 Qd3 $2 {[#]} (41... f2 $19 42. Qg7 Re1 43. Nxf2 Rxa1+ 44. Kxa1 Qxf2) 42. Nd6+ $2 {[%mdl 8192]} (42. Rc1 $1 $14 Qd5+ 43. Ka1) 42... cxd6 $4 {[%mdl 8192]} (42... Qxd6 $19 43. Rc1 Qd5+ 44. Kb1 Qe5) 43. Qxd3 Rxb2+ 44. Kxb2 {Quite a comeback for White. Accuracy: White = 23%, Black = 34%.} 1-0

[Event "Stay Safe Play From Home 131"]
[Site "T#645805Emanuel Laske"]
[Date "2020.05.07"]
[Round "6"]
[White "rohit2007"]
[Black "Lazieri3"]
[Result "1-0"]
[WhiteElo "2046"]
[BlackElo "2012"]
[Annotator "TA"]
[PlyCount "145"]
[EventDate "2020.05.07"]
[EventType "swiss (blitz)"]

{[%evp 24,144,25,11,13,13,21,0,0,-53,-27,-58,-34,-56,0,0,0,-8,12,0,0,0,147,-32,-34,-26,0,0,19,-8,-17,-9,-8,-186,-43,-138,0,0,0,0,0,-9,-6,-9,0,-9,-1,-2,0,-106,0,0,0,0,0,0,0,0,390,152,5086,5069,6079,5397,5385,0,0,0,12843,0,0,0,0,0,0,0,0,0,0,0,0,0,0,0,0,0,29976,29977,29977,29977,29984,29985,29985,29986,29987,29988,29988,29988,29988,29989,29989,29990,29991,29992,29992,29993,29994,29993,29993,29991,29992,29993,29996,29993,29996,29996,29997,29997,29997,29998,29998,29999,29999]} 1. e4 c6 2. Nc3 d5 3. Nf3 dxe4 4. Nxe4 Nd7 5. Bc4 Ngf6 6. Qe2 Nxe4 7. Qxe4 e6 8. O-O Nf6 9. Qe2 b6 10. d4 Bb7 11. Bg5 Be7 12. Ne5 O-O 13. c3 Nd5 {B17: Caro-Kann: Modern Line (4...Nd7).} 14. Bxe7 Qxe7 15. f4 c5 {The position is equal.} 16. Bd3 (16. Rad1 $11) 16... cxd4 17. cxd4 Nf6 18. Rad1 Rfd8 19. f5 exf5 20. Bxf5 Rd5 21. Qf2 Rad8 22. Rfe1 {And now Nxf7! would win.} Qb4 (22... Qd6 $11 {keeps the balance.}) 23. Ng4 $2 (23. Be4 $1 $16) 23... Nxg4 $15 24. Bxg4 h5 25. Bf3 R5d7 26. Bxb7 Rxb7 27. d5 Rbd7 28. Qf5 $2 {[#]} (28. Rd4 $11 {and White stays safe.} Qb5 29. a4) 28... h4 (28... Qxb2 29. Re5 $17) (28... Rxd5 $1 $19 {[%mdl 512]} 29. Qxd5 (29. Rxd5 Qxe1+) 29... Rxd5 30. Re8+ Kh7 $1 {[%mdl 512]} 31. Rxd5 Qxb2 32. Rxh5+ Kg6) 29. h3 {[#]} (29. Re5 $1 $15) 29... Qc5+ ({Don't take} 29... Qxb2 30. Re5 $15) ({Black should play} 29... Rxd5 $1 $17 {[%mdl 512]} 30. Rxd5 Qxe1+ 31. Kh2 Rxd5 32. Qxd5 Qg3+ 33. Kh1 Qe1+ 34. Kh2 Qg3+ 35. Kh1 Qe1+ 36. Kh2) 30. Kh1 $11 g6 31. Qf6 Rxd5 32. Rxd5 Qxd5 33. Qxh4 {[%mdl 4096] Endgame KQR-KQR} Qd2 34. Rf1 Re8 35. Qf6 Qd5 36. Rf2 (36. b3 $11) 36... Re3 ({Black should try} 36... Qxa2 $17 37. Kh2 Qe6 38. Qxe6 Rxe6) 37. Kh2 Qe5+ 38. Qxe5 Rxe5 {KR-KR} 39. Kg3 Re3+ 40. Rf3 (40. Kf4 {looks sharper.} Rd3 41. Rc2 Kg7 42. Ke4 Rd7 43. b3) 40... Rxf3+ $4 {[%mdl 8192]} (40... Re2 $11 {and Black is okay.}) 41. Kxf3 {KP-KP} ({And not} 41. gxf3 Kg7 $11) 41... f5 $2 (41... b5 $16) 42. Kf4 $18 Kf7 43. Kg5 Kg7 44. g4 $2 (44. h4 $18 {Black must now prevent h5.} Kf7 45. h5 gxh5 46. Kxf5) 44... fxg4 $11 45. hxg4 {K3P-K3P} Kf7 $2 {[%mdl 8192] [#]} (45... b5 $11) 46. Kf4 $2 (46. Kh6 $1 $18 Kf6 47. g5+ Kf5 48. b3) 46... Kf6 47. g5+ Ke6 {Strongly threatening ...Kd5.} 48. Ke4 Kd6 49. b4 Ke6 {Hoping for ...b5.} 50. a4 Kd6 51. Kd4 Ke6 {...Kf5 is the strong threat.} 52. Ke4 Kd6 53. a5 bxa5 54. bxa5 {KPP-KPP} a6 $2 {[%mdl 8192] White leaves nothing to chance now.} (54... Ke6 $11) 55. Kd4 {White mates.} Ke6 {[#]} 56. Kc5 $1 Kf5 57. Kb6 Kxg5 58. Kxa6 {KP-KP} Kf4 59. Kb5 g5 60. a6 g4 61. a7 g3 62. a8=Q Kg4 {[#]} 63. Qg2 $1 Kf4 64. Kc4 Kg4 65. Kd3 Kf4 66. Ke2 Kg4 67. Ke3 Kh4 68. Kf3 Kh5 69. Qxg3 Kh6 70. Kf4 Kh7 71. Kf5 Kh8 72. Kf6 {[%csl Gf6][%cal Rg3g7]} Kh7 73. Qg7# {Accuracy: White = 69%, Black = 65%.} 1-0

[Event "Stay Safe Play From Home 131"]
[Site "T#645805Emanuel Laske"]
[Date "2020.05.07"]
[Round "6"]
[White "Shatarchin7"]
[Black "Indianquant"]
[Result "1-0"]
[WhiteElo "2044"]
[BlackElo "2245"]
[Annotator "TA"]
[PlyCount "53"]
[EventDate "2020.05.07"]
[EventType "swiss (blitz)"]

{[%evp 11,53,-1,10,4,13,-9,-7,-29,-14,-12,-10,-33,-40,-72,-37,-108,-92,-91,-95,-97,-97,-97,-98,-107,-99,-142,-139,-143,-139,-135,-143,-200,-179,-179,-191,-184,-138,-177,-193,-298,-277,-656,1587,1564]} 1. Nf3 Nf6 2. d4 e6 3. e3 b6 4. c4 Bb7 5. Bd3 Bb4+ 6. Bd2 Be7 7. Nc3 {E14: Queen's Indian: Classical Variation (4 e3).} c5 {[#]} 8. Bc1 $146 ({Predecessor:} 8. O-O O-O 9. Qe2 cxd4 10. exd4 Nc6 11. Rac1 Re8 12. Rfd1 d5 13. cxd5 exd5 14. Qf1 a6 {0-1 (40) Straka,V (2302)-Oral,T (2506) Czech Republic 2016}) 8... cxd4 9. exd4 {The position is equal.} d5 10. cxd5 Nxd5 11. Ne5 O-O 12. Qg4 Nf6 13. Qe2 (13. Qf4 $15) 13... Nc6 14. Nxc6 Bxc6 15. O-O Qxd4 16. Rd1 {And now Bxh7+! would win.} Qh4 17. Be3 Rfd8 18. Rac1 Ng4 $40 {[%mdl 128] Black goes for the king.} 19. Bf4 {[#]} Rxd3 $1 {[%mdl 512]} 20. Rxd3 {Threatens to win with Rh3.} Bc5 21. Bg3 {[#]} (21. Re3 $17) 21... Bxf2+ $1 $19 {[%mdl 576] Deflection} 22. Bxf2 Qxh2+ {[%mdl 64] Double Attack} 23. Kf1 Qh1+ ({Stronger than} 23... Bxg2+ 24. Ke1 $16) 24. Bg1 Nh2+ 25. Kf2 (25. Ke1 {was the only defense.} Qxg1+ 26. Kd2 Qxg2 27. Qxg2 Bxg2 28. Ke2) 25... Qxg2+ 26. Ke3 $2 (26. Ke1 Qxg1+ 27. Kd2 Qg5+ 28. Kc2) 26... Qxg1+ $4 {[%mdl 8192]} (26... Qg5+ $19 27. Kf2 Ng4+ 28. Ke1 Qxc1+ 29. Nd1 Qg5) 27. Rxg1 {What a bad dream for Black. Accuracy: White = 47%, Black = 80%.} 1-0

[Event "Stay Safe Play From Home 131"]
[Site "T#645805Emanuel Laske"]
[Date "2020.05.07"]
[Round "6"]
[White "Chase the sun"]
[Black "Haris kollari 13"]
[Result "0-1"]
[WhiteElo "1887"]
[BlackElo "1908"]
[Annotator "TA"]
[PlyCount "42"]
[EventDate "2020.05.07"]
[EventType "swiss (blitz)"]

{[%evp 9,42,-17,1,-40,-17,-52,-46,-62,-66,-109,-104,-108,-89,-302,-195,-200,-156,-393,-369,-365,-200,-472,-477,-632,-612,-605,-593,-625,-543,-654,-652,-643,-528,-502,-484]} 1. e4 e6 2. b3 b6 3. Bb2 Bb7 4. d3 Nf6 5. f4 {[#]} Be7 $146 ({Predecessor:} 5... g6 6. Be2 Bh6 7. g3 O-O 8. Bf3 Na6 9. h4 d6 10. Nh3 Bg7 11. Nc3 e5 {0-1 (53) Hossain,Z (1779)-Abdul,M (2039) Dhaka 2015}) 6. Nf3 {C00: French: Unusual White 2nd moves.} O-O 7. g3 d5 8. Bg2 {Black is slightly better.} dxe4 9. Ne5 Nbd7 10. O-O Rb8 $36 {[%mdl 2048] Black is on the roll.} 11. g4 $2 (11. Re1 $17) 11... exd3 12. Bxb7 {[#] Hoping for Nc6.} Rxb7 13. g5 $2 (13. Nxd3 $17 Nc5 14. Bxf6 Bxf6 15. Nxc5 Qxd1 16. Rxd1 bxc5 17. c3) 13... dxc2 14. Qxc2 Nd5 (14... Bc5+ $142 15. Kh1 Nxe5 16. gxf6 Qd5+ 17. Qg2 Qxg2+ 18. Kxg2 Ng4) 15. Nd2 $2 (15. Nc6 {was called for.} Bc5+ 16. Kh1) 15... Nxe5 $19 {Black is clearly winning.} 16. fxe5 Ne3 17. Qe4 Nxf1 18. Nxf1 Rb8 19. Re1 Bc5+ 20. Kh1 Qd5 21. Qxd5 exd5 {White did not feel at home in the position after the opening. Accuracy: White = 23%, Black = 61%.} 0-1

[Event "Stay Safe Play From Home 131"]
[Site "T#645805Emanuel Laske"]
[Date "2020.05.07"]
[Round "6"]
[White "matanant"]
[Black "Tumnik_ad"]
[Result "0-1"]
[WhiteElo "1788"]
[BlackElo "1884"]
[Annotator "NA RC"]
[PlyCount "102"]
[EventDate "2020.05.07"]
[EventType "swiss (blitz)"]
[TimeControl "180"]

1. e4 {[%emt 0:00:03]} e6 {[%emt 0:00:00]} 2. d4 {[%emt 0:00:02]} b6 {[%emt 0:00:00]} 3. Bd3 {[%emt 0:00:02]} Bb7 {[%emt 0:00:00]} 4. f4 {[%emt 0:00:02]} Nf6 {[%emt 0:00:04]} 5. Qe2 {[%emt 0:00:02]} d5 {[%emt 0:00:01]} 6. e5 {[%emt 0:00:02]} Ne4 {[%emt 0:00:01]} 7. Bxe4 {[%emt 0:00:03]} dxe4 {[%emt 0:00:00]} 8. Be3 {[%emt 0:00:02]} Nc6 {[%emt 0:00:02]} 9. c3 {[%emt 0:00:01]} Ne7 {[%emt 0:00:02]} 10. Nd2 {[%emt 0:00:05]} a5 {[%emt 0:00:05]} 11. Nh3 {[%emt 0:00:02]} Ba6 {[%emt 0:00:08]} 12. c4 {[%emt 0:00:04]} Nf5 {[%emt 0:00:02]} 13. Qf2 {[%emt 0:00:09]} Bb4 {[%emt 0:00:04]} 14. b3 {[%emt 0:00:03]} Bc3 {[%emt 0:00:06]} 15. Rc1 {[%emt 0:00:04]} Bxd4 {[%emt 0:00:05]} 16. Bxd4 {[%emt 0:00:03]} Qxd4 {[%emt 0:00:00]} 17. Qxd4 {[%emt 0:00:02]} Nxd4 {[%emt 0:00:00]} 18. Nxe4 {[%emt 0:00:02]} O-O-O {[%emt 0:00:04]} 19. Kf2 {[%emt 0:00:06]} h6 {[%emt 0:00:07]} 20. Rhd1 {[%emt 0:00:04]} Bb7 {[%emt 0:00:01]} 21. Nc3 {[%emt 0:00:14]} Nf5 {[%emt 0:00:04]} 22. a3 {[%emt 0:00:13]} Nh4 {[%emt 0:00:02]} 23. g3 {[%emt 0:00:07]} Nf3 {[%emt 0:00:01]} 24. b4 {[%emt 0:00:05]} axb4 {[%emt 0:00:03]} 25. axb4 {[%emt 0:00:02]} Nxh2 {[%emt 0:00:00]} 26. c5 {[%emt 0:00:10]} Ng4+ {[%emt 0:00:02]} 27. Kg1 {[%emt 0:00:03]} Ne3 {[%emt 0:00:07]} 28. Rxd8+ {[%emt 0:00:03]} Rxd8 {[%emt 0:00:00]} 29. Nf2 {[%emt 0:00:06]} bxc5 {[%emt 0:00:03]} 30. bxc5 {[%emt 0:00:02]} Rd2 {[%emt 0:00:01]} 31. Nce4 {[%emt 0:00:08]} Bxe4 {[%emt 0:00:12]} 32. Nxe4 {[%emt 0:00:01]} Rc2 {[%emt 0:00:00]} 33. Re1 {[%emt 0:00:06]} Nf5 {[%emt 0:00:06]} 34. g4 {[%emt 0:00:01]} Nd4 {[%emt 0:00:05]} 35. Ng3 {[%emt 0:00:04]} Nf3+ {[%emt 0:00:01]} 36. Kf1 {[%emt 0:00:03]} Nh2+ {[%emt 0:00:03]} 37. Kg1 {[%emt 0:00:02]} Nf3+ {[%emt 0:00:00]} 38. Kf1 {[%emt 0:00:01]} Nxe1 {[%emt 0:00:00]} 39. Kxe1 {[%emt 0:00:01]} Rxc5 {[%emt 0:00:01]} 40. Ke2 {[%emt 0:00:02]} Rc3 {[%emt 0:00:01]} 41. Ne4 {[%emt 0:00:03]} Rc4 {[%emt 0:00:03]} 42. Kd3 {[%emt 0:00:02]} Rxe4 {[%emt 0:00:01]} 43. Kxe4 {[%emt 0:00:01]} c5 {[%emt 0:00:00]} 44. f5 {[%emt 0:00:01]} Kc7 {[%emt 0:00:01]} 45. Kd3 {[%emt 0:00:07]} Kc6 {[%emt 0:00:04]} 46. Kc4 {[%emt 0:00:01]} g5 {[%emt 0:00:03]} 47. f6 {[%emt 0:00:07]} Kb6 {[%emt 0:00:03]} 48. Kc3 {[%emt 0:00:01]} Kb5 {[%emt 0:00:01]} 49. Kb3 {[%emt 0:00:00]} c4+ {[%emt 0:00:00]} 50. Kc3 {[%emt 0:00:01]} Kc5 {[%emt 0:00:00]} 51. Kd2 {[%emt 0:00:01]} Kd5 {[%emt 0:00:00] Time (Lag: Av=0.67s, max=1.1s)} 0-1

[Event "Stay Safe Play From Home 131"]
[Site "T#645805Emanuel Laske"]
[Date "2020.05.07"]
[Round "6"]
[White "Dukic"]
[Black "Edmatuag"]
[Result "1-0"]
[WhiteElo "1744"]
[BlackElo "1702"]
[Annotator "NA RC"]
[PlyCount "73"]
[EventDate "2020.05.07"]
[EventType "swiss (blitz)"]

1. c4 {[%emt 0:00:02]} c5 {[%emt 0:00:01]} 2. Nc3 {[%emt 0:00:01]} Nf6 {[%emt 0:00:02]} 3. Nf3 {[%emt 0:00:01]} e6 {[%emt 0:00:02]} 4. d4 {[%emt 0:00:02]} cxd4 {[%emt 0:00:03]} 5. Nxd4 {[%emt 0:00:01]} Nc6 {[%emt 0:00:02]} 6. Ndb5 {[%emt 0:00:01]} d5 {[%emt 0:00:06]} 7. cxd5 {[%emt 0:00:08]} exd5 {[%emt 0:00:01]} 8. Bf4 {[%emt 0:00:02]} d4 {[%emt 0:00:18]} 9. Nc7+ {[%emt 0:00:02]} Kd7 {[%emt 0:00:05]} 10. Nxa8 {[%emt 0:00:02]} Qa5 {[%emt 0:00:21]} 11. e3 {[%emt 0:00:11]} Bb4 {[%emt 0:00:03]} 12. exd4 {[%emt 0:00:08]} Bxc3+ {[%emt 0:00:01]} 13. bxc3 {[%emt 0:00:02]} Qxc3+ {[%emt 0:00:00]} 14. Bd2 {[%emt 0:00:01]} Qxd4 {[%emt 0:00:07]} 15. Be2 {[%emt 0:00:02]} Ne4 {[%emt 0:00:10]} 16. Be3 {[%emt 0:00:05]} Qd6 {[%emt 0:00:11]} 17. O-O {[%emt 0:00:08]} b6 {[%emt 0:00:14]} 18. Qc2 {[%emt 0:00:05]} Nf6 {[%emt 0:00:29]} 19. Rfd1 {[%emt 0:00:02]} Nd5 {[%emt 0:00:01]} 20. Rxd5 {[%emt 0:00:06]} Qxd5 {[%emt 0:00:03]} 21. Rd1 {[%emt 0:00:01]} Qxd1+ {[%emt 0:00:01]} 22. Qxd1+ {[%emt 0:00:03]} Ke7 {[%emt 0:00:01]} 23. Nc7 {[%emt 0:00:10]} Rd8 {[%emt 0:00:01]} 24. Qb1 {[%emt 0:00:05]} g6 {[%emt 0:00:04]} 25. Qb2 {[%emt 0:00:06]} Bf5 {[%emt 0:00:05]} 26. Bg5+ {[%emt 0:00:02]} Kd7 {[%emt 0:00:05]} 27. Bxd8 {[%emt 0:00:01]} Kxd8 {[%emt 0:00:02]} 28. Nb5 {[%emt 0:00:02]} Kc8 {[%emt 0:00:02]} 29. Nd6+ {[%emt 0:00:02]} Kc7 {[%emt 0:00:03]} 30. Nxf5 {[%emt 0:00:01]} gxf5 {[%emt 0:00:00]} 31. Qf6 {[%emt 0:00:01]} a6 {[%emt 0:00:05]} 32. Qxf7+ {[%emt 0:00:01]} Kb8 {[%emt 0:00:01]} 33. Qxf5 {[%emt 0:00:01]} Kb7 {[%emt 0:00:01]} 34. Qxh7+ {[%emt 0:00:01]} Kb8 {[%emt 0:00:02]} 35. Bf3 {[%emt 0:00:01]} Na5 {[%emt 0:00:03]} 36. Qd7 {[%emt 0:00:02]} b5 {[%emt 0:00:04]} 37. h4 {[%emt 0:00:04] Time (Lag: Av=0.37s, max=0.5s)} 1-0

[Event "Stay Safe Play From Home 131"]
[Site "T#645805Emanuel Laske"]
[Date "2020.05.07"]
[Round "6"]
[White "DACHI2020"]
[Black "Kongle"]
[Result "0-1"]
[WhiteElo "1678"]
[BlackElo "1730"]
[Annotator "NA RC"]
[PlyCount "58"]
[EventDate "2020.05.07"]
[EventType "swiss (blitz)"]

1. g3 {[%emt 0:00:01]} c6 {[%emt 0:00:07]} 2. Bg2 {[%emt 0:00:01]} d5 {[%emt 0:00:02]} 3. Nf3 {[%emt 0:00:01]} Bf5 {[%emt 0:00:04]} 4. d3 {[%emt 0:00:01]} e6 {[%emt 0:00:01]} 5. O-O {[%emt 0:00:01]} Bd6 {[%emt 0:00:01]} 6. Re1 {[%emt 0:00:01]} Nd7 {[%emt 0:00:01]} 7. Nbd2 {[%emt 0:00:01]} Ngf6 {[%emt 0:00:01]} 8. e4 {[%emt 0:00:01]} dxe4 {[%emt 0:00:01]} 9. dxe4 {[%emt 0:00:00]} Bg4 {[%emt 0:00:08]} 10. h3 {[%emt 0:00:01]} Bxf3 {[%emt 0:00:03]} 11. Nxf3 {[%emt 0:00:00]} Qc7 {[%emt 0:00:05]} 12. Qe2 {[%emt 0:00:03]} e5 {[%emt 0:00:01]} 13. c3 {[%emt 0:00:01]} O-O {[%emt 0:00:03]} 14. Bg5 {[%emt 0:00:01]} h6 {[%emt 0:00:01]} 15. Bd2 {[%emt 0:00:06]} Rad8 {[%emt 0:00:04]} 16. Rad1 {[%emt 0:00:02]} Bc5 {[%emt 0:00:03]} 17. a3 {[%emt 0:00:03]} Rfe8 {[%emt 0:00:02]} 18. Nh4 {[%emt 0:00:01]} Bb6 {[%emt 0:00:08]} 19. Kh2 {[%emt 0:00:01]} Nc5 {[%emt 0:00:04]} 20. Nf5 {[%emt 0:00:08]} Nd3 {[%emt 0:00:04]} 21. Rf1 {[%emt 0:00:09]} Nxb2 {[%emt 0:00:03]} 22. Be3 {[%emt 0:00:01]} Nxd1 {[%emt 0:00:02]} 23. Rxd1 {[%emt 0:00:00]} Bxe3 {[%emt 0:00:03]} 24. Nxe3 {[%emt 0:00:03]} Rxd1 {[%emt 0:00:03]} 25. Nxd1 {[%emt 0:00:00]} Rd8 {[%emt 0:00:05]} 26. Ne3 {[%emt 0:00:01]} Qa5 {[%emt 0:00:03]} 27. Qb2 {[%emt 0:00:04]} b6 {[%emt 0:00:06]} 28. Ng4 {[%emt 0:00:04]} Nxg4+ {[%emt 0:00:03]} 29. hxg4 {[%emt 0:00:00]} Rd3 {[%emt 0:00:02] DACHI2020 Abandona (Lag: Av=0.78s, max=1.1s)} 0-1